000 00666nam a2200289Ia 4500
005 20260324131141.0
008 008 260324s9999 xx 000 0 eng d
020 _a9780203053898
037 _aEBOOK
040 _aCRL
040 _beng
040 _cCRL
041 _2eng
041 _aeng
084 _qCRL
100 _aJane M. Watson
_91184414
245 0 _aStatistical Literacy at School
245 0 _bGrowth and Goals
260 _bTaylor and Francis
260 _c2006
365 _a
365 _b290
856 _uhttp://www.taylorfrancis.com/books/9780203053898
942 _cEBOOK
999 _c1781317
_d1781317